Language Quiz

Random Language or Color Quiz

French or Phoney: Colors Quiz Stats

 Plays Quiz not verified by Sporcle

Score 0/20 Timer 02:00
0 Plays Today
Question Answer Wrong Answers
Noir It's French!
96.9%
It's Phoney!
0.9%
Rouge It's French!
96.8%
It's Phoney!
0.8%
Blanc It's French!
96%
It's Phoney!
1.3%
Bleu It's French!
96%
It's Phoney!
1.3%
Vert It's French!
94.4%
It's Phoney!
3.1%
Roose It's Phoney!
93.6%
It's French!
3.7%
Blenc It's Phoney!
93.2%
It's French!
4.5%
Gris It's French!
92.9%
It's Phoney!
4.6%
Bran It's Phoney!
91.8%
It's French!
5.7%
Violence It's Phoney!
90.6%
It's French!
6.8%
Niore It's Phoney!
89.4%
It's French!
7.9%
Blue It's Phoney!
88.9%
It's French!
9.1%
Vertte It's Phoney!
88.6%
It's French!
8.9%
Violet It's French!
87.5%
It's Phoney!
10.2%
Jaune It's French!
86.4%
It's Phoney!
11%
Brun It's French!
85.6%
It's Phoney!
12.1%
Morran It's Phoney!
84.9%
It's French!
12.4%
Marron It's French!
84.8%
It's Phoney!
13%
Juane It's Phoney!
79.5%
It's French!
18.3%
Gras It's Phoney!
78.5%
It's French!
19%

You're not logged in!

Compare scores with friends on all Sporcle quizzes.
OR
Log In

Sporcle TV

Today on Sporcle TV


Watch our educational content, quiz creation guides, and fun videos on Sporcle TV.

Show Comments

Extras

Top Quizzes Today


Score Distribution

Your Account Isn't Verified!

In order to create a playlist on Sporcle, you need to verify the email address you used during registration. Go to your Sporcle Settings to finish the process.

Report this User

Report this user for behavior that violates our Community Guidelines.

Details: